000 00717nam a2200289Ia 4500
005 20260324150732.0
008 008 260324s9999 xx 000 0 eng d
020 _a9781315006819
037 _aEBOOK
040 _aCRL
040 _beng
040 _cCRL
041 _2eng
041 _aeng
084 _qCRL
100 _aAlfred Bonne
_91227073
245 0 _aState and Economics in the Middle East
245 0 _bWith Special Refernce to Conditions in Western Asia & India
260 _bTaylor and Francis
260 _c1948
365 _a
365 _b99.99
856 _uhttp://www.taylorfrancis.com/books/9781315006819
942 _cEBOOK
999 _c1837419
_d1837419